000 01446cam a22003614a 4500
001 2630696
003 OSt
005 20140310181622.0
008 990329s1999 nyua 000 0 eng
010 _a 99028061
020 _a0684869810
035 _a(DLC) 99028061
040 _aDLC
_cDLC
_dDLC
042 _apcc
050 0 0 _aBF 637.S8
_b.C668 1999
082 _aHS 158
_bC63 1999
100 1 _aCovey, Stephen R.
_9729
245 1 0 _aLiving the 7 habits :
_bstories of courage and inspiration /
_cStephen R. Covey.
246 3 _aLiving the seven habits
260 _aNew York :
_bSimon & Schuster,
_cc1999.
300 _axix, 310 p. :
_bcol. ill. ;
_c24 cm.
650 0 _aSuccess
_xPsychological aspects
_xCase studies.
_910039
650 0 _aCharacter.
_910040
856 4 2 _3Contributor biographical information
_uhttp://www.loc.gov/catdir/bios/simon051/99028061.html
856 4 2 _3Publisher description
_uhttp://www.loc.gov/catdir/description/simon031/99028061.html
856 4 1 _3Table of contents only
_uhttp://www.loc.gov/catdir/enhancements/fy0631/99028061-t.html
856 4 1 _3Sample text
_uhttp://www.loc.gov/catdir/enhancements/fy0641/99028061-s.html
906 _a7
_bcbc
_corignew
_d1
_eocip
_f19
_gy-gencatlg
942 _2lcc
_cHS
999 _c174
_d174